005460000a22001330004500090001700000245014300017041001400160700003400174700003400208100003400242942001300276773010600289999001700395 aASbSeriadas10aComunidades vegetales y patrones de degradación y sucesión en la vegetación de los cerros occidentales de Chia-Cundinamarca-Colombia0 aEspañol1 aHammen, Thomas van der9929561 aRangel Ch., J. Orlando9928191 aCortés S., Sandra P.999097 cARTICULO1 tRevista de la Academia Colombiana de Ciencias Exactas, Fisicas y Naturales332h89q529-554d1999g23 c14065d14065